00471 2200193 4500001002100000005001500021008004100036020001800077035001900095041000700114082001100121090001700132100001600149245003200165260002900197300003000226500001100256650001000267INLIS00000000002502020241224131836241224||||||||| | ||| |||| || |  a979-561-803-2 0010-1224025020 aid0 a297.14 a297.14 RID j0 aRidha Anwar00aJuz 'Amma 3 untuk Anak-anak adepokbgema insanic2008 a28x21 cm, 32 hlm.; ilus.: aCet. 4 0aAgama